Junto a Jünger / (Record no. 185057)

MARC details
000 -LEADER
campo de control de longitud fija 01327nam a2200301 i 4500
001 - NÚMERO DE CONTROL
campo de control 185057
003 - IDENTIFICADOR DE NÚMERO DE CONTROL
campo de control ES-MaACL
005 - FECHA Y HORA DE LA ÚLTIMA TRANSACCIÓN
campo de control 20260616174620.0
008 - DATOS DE LONGITUD FIJA--INFORMACIÓN GENERAL
campo de control de longitud fija 160314s1996 sp c |||| | spa d
020 ## - NÚMERO INTERNACIONAL ESTÁNDAR DEL LIBRO
Número Internacional Estándar del Libro 84-921604-0-3
080 ## - NÚMERO DE LA CLASIFICACIÓN DECIMAL UNIVERSAL
Número de la Clasificación Decimal Universal 821.112.2 Jünger, Ernst 1.07
245 00 - MENCIÓN DEL TÍTULO
Título Junto a Jünger /
Mención de responsabilidad, etc. Vicenzo Vitiello, Félix Duque, Jorge Alemán-Sergio Larriera, Andrés Sánchez Pascual ... [et al.] ; edita, Ignacio Castro.
260 ## - PUBLICACIÓN, DISTRIBUCIÓN, ETC.
Lugar de publicación, distribución, etc. Madrid :
Nombre del editor, distribuidor, etc. Cruce,
Fecha de publicación, distribución, etc. [1996]
300 ## - DESCRIPCIÓN FÍSICA
Extensión 185 p. :
Otras características físicas 1 retr. ;
Dimensiones 21 cm.
505 8# - NOTA DE CONTENIDO CON FORMATO
Nota de contenido con formato Contiene: ;
Título Escribir con los ojos: Jünger en los textos pictóricos nihilistas de Kubin /
Mención de responsabilidad José Luis Molinuevo. --
Título La razón práctica en medio de la depotenciación técnica /
Mención de responsabilidad Franco Volpi
594 ## - Nota al título y mención de responsabilidad
Nota al título y mención de responsabilidad Recoge el ciclo de conferencias homónimo. Y 2 textos más.
600 14 - PUNTO DE ACCESO ADICIONAL DE MATERIA--NOMBRE DE PERSONA
Nombre de persona Jünger, Ernst,
Fechas asociadas al nombre 1895-1998-
Subdivisión general Crítica e interpretación
9 (RLIN) 67295
700 1# - ENTRADA AGREGADA--NOMBRE PERSONAL
Nombre de persona Vitiello, Vincenzo (
Fechas asociadas al nombre 1935-)
9 (RLIN) 159059
700 1# - ENTRADA AGREGADA--NOMBRE PERSONAL
Nombre de persona Duque, Félix.
9 (RLIN) 46147
700 1# - ENTRADA AGREGADA--NOMBRE PERSONAL
Nombre de persona Alemán, Jorge.
9 (RLIN) 19712
700 1# - ENTRADA AGREGADA--NOMBRE PERSONAL
Nombre de persona Larriera, Sergio.
9 (RLIN) 70350
700 1# - ENTRADA AGREGADA--NOMBRE PERSONAL
Nombre de persona Sánchez Pascual, Andrés.
9 (RLIN) 102833
700 1# - ENTRADA AGREGADA--NOMBRE PERSONAL
Nombre de persona Castro, Ignacio,
Fechas asociadas al nombre 1952-
9 (RLIN) 234941
700 1# - ENTRADA AGREGADA--NOMBRE PERSONAL
Nombre de persona Molinuevo, José Luis.
9 (RLIN) 82022
700 1# - ENTRADA AGREGADA--NOMBRE PERSONAL
Nombre de persona Volpi, Franco.
9 (RLIN) 115713
852 ## - LOCALIZACIÓN
Ubicación ES-MaACL
Número de control de estantería L-30258
Nota libre . - Donat. Miguel A. Velasco
Holdings
Estatus retirado Estado de pérdida Estado de daño No para préstamo Biblioteca de origen Biblioteca actual Ubicación en estantería Fecha de adquisición Fuente de adquisición Total de préstamos Signatura topográfica completa Código de barras Visto por última vez Precio de reemplazo Tipo de ítem Koha
        Biblioteca del Ateneo de Madrid Biblioteca del Ateneo de Madrid Depósito 2 14/03/2016     L-30258 1194925 23/02/2023 23/02/2023 Libro impreso